Nízkoteplotné a klasické (periodické) sušenie

Bibliographic Details
Main Authors: Trebula, Pavel, 1934- (Author), Klement, Ivan, 1966- (Author)
Format: Article
Language:Slovak
PhysicalDescription:Obr.
ISSN:1335-7018
Subjects:

MARC

LEADER 00000nab a2200000 a 4500
001 vtls000849109
003 SK-MaSNL
005 20260304110207.0
008 250429c2003 xo 0 slo
015 |a SNBRB2003/10-28739 
035 |a CLN000200764 
035 |a urn:nbn:sk:snk-ab9eou 
035 |a (urnnbn)urn:nbn:sk:snk:ar-a08boq 
035 |a (uuid)e539995d-1ba2-4c88-be4d-0d95adf3f087 
040 |a SNKBUCL  |b slo  |c SNKBUCL  |e AACR2 
041 0 |a slo 
044 |a xo  |c SK 
080 |a 674.047  |2 1997 
100 1 |a Trebula, Pavel,  |d 1934-  |4 aut  |9 26916 
245 1 0 |a Nízkoteplotné a klasické (periodické) sušenie  |c Pavel Trebula, Ivan Klement 
300 |b Obr. 
650 0 7 |a sušenie dreva  |2 snkbucl  |9 51313 
650 0 7 |a sušenie  |2 snkbucl  |9 15921 
650 0 7 |a sušiarne  |2 snkbucl  |9 935131 
655 7 |a články z novín a časopisov  |2 snkbucl  |9 267496 
700 1 |a Klement, Ivan,  |d 1966-  |4 aut  |9 206404 
773 0 |t Stolársky magazín  |g Roč. 4, č. 7-8 (2003), s. 8-9  |x 1335-7018 
850 |a Slovenská národná knižnica 
852 |a Slovenská národná knižnica 
954 |a odborná, vedecká literatúra pôvodná (slovenská)  |2 lita 
958 |a article13 
958 |a OND 
958 |a EUIPO 
999 |c 2858921  |d 2860851